Statistics for Island Countries with Population Over Ten Million

Click here to take the quiz!

General Stats

  • This quiz has been taken 145 times
  • The average score is 9 of 10

Answer Stats

PopulationCountry% Correct
259 milIndonesia
99%
127 milJapan
97%
103 milPhilippines
94%
65.1 milUnited Kingdom
93%
11.2 milCuba
92%
24.9 milMadagascar
91%
21.4 milSri Lanka
89%
10.8 milHaiti
88%
10.8 milDominican Republic
84%
23.6 milTaiwan
83%

Score Distribution

Percentile by Number Answered

Percent of People with Each Score

Your Score History

You have not taken this quiz